40 Largest Cities in Germany - Statistics

General Stats
  • This quiz has been taken 205 times
  • The average score is 27 of 40
Answer Stats
Rang Population (2019) Bundesländ Stadt % Correct
1 3.426.354 Berlin Berlin
100%
2 1.739.117 Hamburg Hamburg
100%
3 1.260.391 Bayern München
100%
5 650.000 Hessen Frankfurt am Main
98%
4 963.395 Nordrhein-Westfalen Köln
97%
9 573.057 Nordrhein-Westfalen Düsseldorf
95%
7 589.793 Baden-Württemberg Stuttgart
94%
10 546.501 Bremen Bremen
92%
15 486.854 Sachsen Dresden
92%
6 593.085 Nordrhein-Westfalen Essen
92%
8 588.462 Nordrhein-Westfalen Dortmund
90%
11 515.140 Niedersachsen Hannover
86%
12 504.971 Sachsen Leipzig
86%
19 313.125 Nordrhein-Westfalen Bonn
82%
14 499.237 Bayern Nürnberg
82%
32 232.758 Schleswig-Holstein Kiel
77%
25 265.208 Nordrhein-Westfalen Aachen
72%
18 331.906 Nordrhein-Westfalen Bielefeld
72%
20 307.960 Baden-Württemberg Mannheim
72%
13 504.358 Nordrhein-Westfalen Duisburg
70%
27 259.196 Bayern Augsburg
65%
23 270.184 Nordrhein-Westfalen Münster
65%
16 385.729 Nordrhein-Westfalen Bochum
63%
17 360.797 Nordrhein-Westfalen Wuppertal
62%
35 215.966 Baden-Württemberg Freiburg im Breisgau
60%
39 198.293 Mecklenburg-Vorpommern Rostock
60%
21 283.799 Baden-Württemberg Karlsruhe
59%
36 212.207 Schleswig-Holstein Lübeck
55%
24 270.028 Nordrhein-Westfalen Gelsenkirchen
54%
28 247.220 Sachsen Chemnitz
52%
33 229.826 Sachsen-Anhalt Magdeburg
52%
22 272.432 Hessen Wiesbaden
50%
29 244.715 Niedersachsen Braunschweig
48%
40 194.501 Hessen Kassel
48%
26 261.742 Nordrhein-Westfalen Mönchengladbach
48%
37 203.254 Thüringen Erfurt
46%
31 234.107 Sachsen-Anhalt Halle an der Saale
40%
34 219.851 Nordrhein-Westfalen Oberhausen
29%
30 237.984 Nordrhein-Westfalen Krefeld
25%
38 198.972 Nordrhein-Westfalen Hagen
20%
No matching quizzes found
Score Distribution
Percent of People with Each Score
Percentile by Number Answered
Your Score History
You have not taken this quiz